Mathematics of Money

Đã lưu trong:
Bibliografiske detaljer
Hovedforfatter: Austin, Joe Dan
Format: Bog
Sprog:English
Udgivet: West Publishing Co 1995
Fag:
Tags: Tilføj Tag
Ingen Tags, Vær først til at tagge denne postø!
Thư viện lưu trữ: Mạng thư viện Đại học Đà Nẵng
LEADER 01027cam a22003251a 4500
001 000033609
003 9793
005 20151020000000.0
008 151016s1995 000 eng
020 |a 0314029478 
041 |a eng 
082 |a 420.51  |b AU-J 
100 |a Austin, Joe Dan 
245 |a Mathematics of Money  |c Joe Dan Austin 
260 |a West Publishing Co  |c 1995 
300 |a 655p. : ill ; 25cm 
650 |a Joe Dan Austin, Mathematics, 1995 
852 |b Chuyên đề  |c Tiếng Anh tham khảo 1 
OWN |a LNN 
AVA |a UDN50  |b LNN  |d 420.51 AU-J  |e available  |t Error 5001 Not defined in file expand_doc_bib_avail.  |f 1  |g 0  |h N  |i 0  |k 1 
999 |a From the UDN01 
AVA |a UDN50  |b LNN  |d 420.51 AU-J  |e available  |t Error 5001 Not defined in file expand_doc_bib_avail.  |f 1  |g 0  |h N  |i 0  |k 1 
TYP |a Monograph 
980 |a Mạng thư viện Đại học Đà Nẵng